| 000 | 00501nam a22001577a 4500 | ||
|---|---|---|---|
| 020 | _a9780470889084 | ||
| 082 | _a620.0011 KAR | ||
| 100 |
_aKarnopp, Dean C. _969559 |
||
| 245 | _aSystem dynamics; modeling simulation and control of mechatronic systems | ||
| 250 | _a5th | ||
| 260 |
_aUSA _bWiley _c2012 |
||
| 300 | _axii,636 P | ||
| 650 |
_aSYSTEM DYNAMICS; MODELING SIMULATION AND CONTROL OF MECHATRONIC SYSTEMS _969560 |
||
| 700 |
_aMargolis, Donald L. Rosenberg, Ronald C. _969561 |
||
| 942 | _cBK | ||
| 999 |
_c576791 _d576791 |
||